Welcome to CU Library Online Public Access Catalogue (OPAC)

Recovering theological hermeneutics : (Record no. 6906)

MARC details
000 -LEADER
fixed length control field 00804cam a22002174a 4500
001 - CONTROL NUMBER
control field 13659782
005 - DATE AND TIME OF LATEST TRANSACTION
control field 20250709180540.0
008 - FIXED-LENGTH DATA ELEMENTS--GENERAL INFORMATION
fixed length control field 040720s2004 miu b 001 0 eng
020 ## - INTERNATIONAL STANDARD BOOK NUMBER
International Standard Book Number 0801027276
020 ## - INTERNATIONAL STANDARD BOOK NUMBER
International Standard Book Number 9780801027277
050 00 - LIBRARY OF CONGRESS CALL NUMBER
Classification number BT55
Item number .Z56 2004
082 00 - DEWEY DECIMAL CLASSIFICATION NUMBER
Classification number 230/.01
Edition information 22
100 1# - MAIN ENTRY--PERSONAL NAME
Personal name Zimmermann, Jens,
Dates associated with a name 1965-
245 10 - TITLE STATEMENT
Title Recovering theological hermeneutics :
Remainder of title an Incarnational-Trinitarian theory of interpretation /
Statement of responsibility, etc. Jens Zimmermann.
260 ## - PUBLICATION, DISTRIBUTION, ETC.
Place of publication, distribution, etc. Grand Rapids, Mich. :
Name of publisher, distributor, etc. Baker Academic,
Date of publication, distribution, etc. c2004.
300 ## - PHYSICAL DESCRIPTION
Extent 345 p. ;
Dimensions 24 cm.
650 #0 - SUBJECT ADDED ENTRY--TOPICAL TERM
Topical term or geographic name entry element Hermeneutics
General subdivision Religious aspects
-- Christianity.
650 #0 - SUBJECT ADDED ENTRY--TOPICAL TERM
Topical term or geographic name entry element Hermeneutics
General subdivision Religious aspects
-- Christianity
-- History of doctrines.
856 41 - ELECTRONIC LOCATION AND ACCESS
Materials specified Table of contents
Uniform Resource Identifier <a href="http://www.loc.gov/catdir/toc/ecip0420/2004016942.html">http://www.loc.gov/catdir/toc/ecip0420/2004016942.html</a>
942 ## - ADDED ENTRY ELEMENTS (KOHA)
Source of classification or shelving scheme Library of Congress Classification
Koha item type Books
Suppress in OPAC No
999 ## -
-- 6906
-- 6906
Holdings
Withdrawn status Lost status Source of classification or shelving scheme Damaged status Not for loan Collection Home library Current library Shelving location Date acquired Total checkouts Full call number Barcode Date last seen Copy number Price effective from Koha item type
    Library of Congress Classification     Non-fiction Business Library (Miotso) Business Library (Miotso) General stacks 03/04/2026   BT55 ZIM BSSM00002449 03/04/2026 1 03/04/2026 Books
    Library of Congress Classification     Non-fiction Undergraduate Library (Christ Temple) Undergraduate Library (Christ Temple) General stacks 07/09/2025   BT55 ZIM ulct00003762 07/09/2025 1 07/09/2025 Books
    Library of Congress Classification     Non-fiction Undergraduate Library (Christ Temple) Undergraduate Library (Christ Temple) General stacks 07/09/2025   BT55 ZIM ulct00003763 07/09/2025 2 07/09/2025 Books
    Library of Congress Classification     Non-fiction Undergraduate Library (Christ Temple) Undergraduate Library (Christ Temple) General stacks 07/09/2025   BT55 ZIM ulct00003764 07/09/2025 3 07/09/2025 Books
© 2023-2024 Copyright: Central University Libraries. All Rights Reserved | Created by: Mahone Tech Office